000
00215 a2200097 4500
001
51030
100
_a
Iacocca L
245
_a
Iacocca an autobiography
260
_a
London
_b
Bantam Books
_c
090
_c
32318
_d
32318
942
_a
NUST-CAE
_c
M
_c
24801
999
_c
286103
_d
286103